GETS Theological Seminary Library

新約文學與神學 : (Record no. 13501)

MARC details
000 -LEADER
fixed length control field 01007nam a2200265Ia 4500
008 - FIXED-LENGTH DATA ELEMENTS--GENERAL INFORMATION
fixed length control field 200819s9999||||xx |||||||||||||| ||und||
020 ## - INTERNATIONAL STANDARD BOOK NUMBER
International Standard Book Number 9622086314
020 ## - INTERNATIONAL STANDARD BOOK NUMBER
International Standard Book Number 9789622086319
041 ## - LANGUAGE CODE
Language code of text/sound track or separate title chi
Language code of original eng
050 ## - LIBRARY OF CONGRESS CALL NUMBER
Classification number BS2330.3
Item number .A3412 2005
100 ## - MAIN ENTRY--PERSONAL NAME
Personal name Achtemeier, Paul J.
245 #0 - TITLE STATEMENT
Title 新約文學與神學 :
Remainder of title 保羅及其書信 = Introducing the New Testament /
Statement of responsibility, etc. 亞德邁耶 (Paul J. Achtemeier), 格林 (Joel B. Green), 湯瑪恩(Marianne Meye Thompson) 著; 陳子安譯
246 ## - VARYING FORM OF TITLE
Title proper/short title 新约文学与神学 :
Remainder of title 保罗及其书信
260 ## - PUBLICATION, DISTRIBUTION, ETC.
Place of publication, distribution, etc. 香港 :
Name of publisher, distributor, etc. 天道書樓有限公司,
Date of publication, distribution, etc. 2005
300 ## - PHYSICAL DESCRIPTION
Extent 4, 263 p.
Other physical details ;
Dimensions 21 cm.
500 ## - GENERAL NOTE
General note Translations of: Introducing the New Testament.
650 ## - SUBJECT ADDED ENTRY--TOPICAL TERM
Topical term or geographic name entry element Bible. Epistles of Paul Criticism, interpretation, etc.
650 ## - SUBJECT ADDED ENTRY--TOPICAL TERM
Topical term or geographic name entry element Bible. New Testament Introductions.
650 ## - SUBJECT ADDED ENTRY--TOPICAL TERM
Topical term or geographic name entry element Paul, the Apostle, Saint.
700 ## - ADDED ENTRY--PERSONAL NAME
Personal name Green, Joel B.
700 ## - ADDED ENTRY--PERSONAL NAME
Personal name Thompson, Marianne Meye
700 ## - ADDED ENTRY--PERSONAL NAME
Personal name 亞德邁耶
700 ## - ADDED ENTRY--PERSONAL NAME
Personal name 陳子安
Holdings
Withdrawn status Lost status Damaged status Not for loan Home library Current library Shelving location Date acquired Total Checkouts Total Renewals Barcode Date last seen Date last checked out Price effective from Koha item type
        GETS Theological Seminary Library GETS Theological Seminary Library General Stacks 08/19/2020 1 2 00003427 01/09/2023 01/28/2022 08/19/2020 Chinese Book
OpacCredits

Contact the Librarian, GETS Library
Email: library@mygets.org









Implemented by GETS Library
(Powered by ETCA Professional Group)
GETS Theological Seminary
412 E. Rowland Street, CA 91723